JR路線の起終点駅(JR西日本編) - Statistics

General Stats
  • This quiz has been taken 526 times
    509 since last reset
  • The average score is 86 of 108
Answer Stats
Hint Answer % Correct
おおさか東線 | 山陽新幹線 新大阪
100%
ー | 博多南線 博多
100%
ー | 北陸本線 | 小浜線 敦賀
98%
東海道本線 東京
98%
ー | 山陰本線 京都
98%
ー | 山陽本線 神戸
97%
米原
95%
草津
94%
和歌山
94%
関西空港
93%
大阪環状線 | 阪和線 天王寺
92%
福知山
92%
博多南
92%
姫新線 | 播但線 姫路
92%
吉備線 | 宇野線 | 津山線 岡山
91%
桜井線 奈良
91%
加古川線 加古川
91%
広島
90%
桜島
89%
和田岬
89%
富山
89%
北陸新幹線 高崎
88%
東舞鶴
87%
氷見
87%
山科
86%
関西本線 名古屋
86%
宇野
86%
津山
86%
境港
86%
岩徳線 岩国
86%
ー | 福知山線 尼崎
85%
宇部線 | 山口線 新山口
85%
新見
85%
境線 米子
85%
赤穂線 相生
84%
湖西線 近江塩津
83%
門司
83%
宇部
83%
福塩線 福山
83%
桜島線 西九条
82%
城端線 | 氷見線 高岡
82%
糸魚川
82%
関西空港線 日根野
81%
和田岬線 兵庫
80%
草津線 柘植
79%
和歌山市
79%
伯備線 倉敷
79%
高山本線 岐阜
79%
小野田
79%
奈良線 | 片町線 木津
78%
紀勢本線 亀山
78%
JR難波
78%
和倉温泉
77%
城端
77%
因美線 鳥取
77%
JR東西線 | ー 京橋
76%
新今宮
75%
宇多津
74%
呉線 三原
74%
大糸線 松本
74%
仙崎
73%
備後落合
73%
ー | 仙崎支線 長門市
72%
九頭竜湖
72%
幡生
71%
本四備讃線 茶屋町
71%
久宝寺
70%
伯耆大山
69%
あき亀山
69%
美祢線 厚狭
68%
東岡山
68%
七尾線 津幡
67%
和歌山線 王寺
67%
和田山
67%
舞鶴線 綾部
66%
総社
66%
塩町
66%
越美北線 越前花堂
65%
海田市
64%
益田
64%
谷川
62%
高田
59%
木次線 宍道
59%
可部線 横川
55%
芸備線 備中神代
51%
東津山
50%
長門本山
49%
櫛ヶ浜
32%
本山支線 雀田
30%
小野田線 居能
19%
No matching quizzes found
Score Distribution
Percent of People with Each Score
Percentile by Number Answered
Your Score History
You have not taken this quiz since the last reset